National upswing (Record no. 74913)

MARC details
000 -LEADER
fixed length control field 01119cab a2200265 4500
001 - CONTROL NUMBER
control field ABS68833
008 - FIXED-LENGTH DATA ELEMENTS--GENERAL INFORMATION
fixed length control field 050314n2005 000 0 eng u
035 ## - SYSTEM CONTROL NUMBER
System control number (Sirsi) u129043
100 ## - MAIN ENTRY--PERSONAL NAME
Personal name Menary, S.
245 ## - TITLE STATEMENT
Title National upswing
260 ## - PUBLICATION, DISTRIBUTION, ETC.
Date of publication, distribution, etc. 2005
490 ## - SERIES STATEMENT
Series statement House Builder
Volume/sequential designation 64(2) March 2005, 27-31(3)
520 ## - SUMMARY, ETC.
Summary, etc. Reports on the latest Emap Glenigan survey of who is building where for the fourth quarter 2004. 2004 as a whole saw a major resurgence in submission levels providing evidence of a large increase in starts being planned across Britain. East Anglia topped the list in 2004 with submissions up 213% on 2003 and Wales was bottom with only a 15% increase over 2003. Provides region-by-region commentary and presents top 10 house builder tables for all regions including Northern Ireland, Scotland and Wales.
590 ## - LOCAL NOTE (RLIN)
Local note ABS
650 ## - SUBJECT ADDED ENTRY--TOPICAL TERM
Topical term or geographic name entry element HOUSE BUILDERS
650 ## - SUBJECT ADDED ENTRY--TOPICAL TERM
Topical term or geographic name entry element NEW HOUSES
650 ## - SUBJECT ADDED ENTRY--TOPICAL TERM
Topical term or geographic name entry element ENGLAND
650 ## - SUBJECT ADDED ENTRY--TOPICAL TERM
Topical term or geographic name entry element WALES
650 ## - SUBJECT ADDED ENTRY--TOPICAL TERM
Topical term or geographic name entry element SCOTLAND
650 ## - SUBJECT ADDED ENTRY--TOPICAL TERM
Topical term or geographic name entry element NORTHERN IRELAND
650 ## - SUBJECT ADDED ENTRY--TOPICAL TERM
Topical term or geographic name entry element PLANNING APPLICATIONS
650 ## - SUBJECT ADDED ENTRY--TOPICAL TERM
Topical term or geographic name entry element RANKINGS
690 ## - LOCAL SUBJECT ADDED ENTRY--TOPICAL TERM (OCLC, RLIN)
Topical term or geographic name as entry element HOUSING-DEVELOPMENT
942 ## - ADDED ENTRY ELEMENTS (KOHA)
Suppress in OPAC 0
Holdings
Withdrawn status Lost status Source of classification or shelving scheme Damaged status Not for loan Home library Current library Shelving location Date acquired Total Checkouts Full call number Barcode Date last seen Copy number Price effective from Koha item type
    Dewey Decimal Classification     London London Journal article 14/03/2005   ABS68833 129043-1001 06/08/2019 1 06/08/2019 Journal article